Propuesta de un manual de Higiene y Seguridad Industrial en la empresa Tabacco Home y Cigars S.A en la ciudad de Estelí
Presenta el diseño de una propuesta de un manual de Higiene y Seguridad Industrial en la empresa Tabacco Home y Cigars S,A en la ciudad de Estelí en el cual se realizó estudio de la situación actual en cuanto a Higiene y Seguridad industrial mediante inspecciones.
| Main Authors: | , , |
|---|---|
| Other Authors: | |
| Format: | Tesis Section = Libro |
| Language: | Undetermined Spanish |
| Published: |
Managua
UNI/RUACS
2017
|
| Subjects: |
| LEADER | 01142nam a2200265Ia 4500 | ||
|---|---|---|---|
| 008 | 240830s9999 xx 000 0 und d | ||
| 040 | |a BIBLIOTECA-RUPAP Mon 658.38 C352 | ||
| 041 | |a spa | ||
| 082 | |a Mon 658.38 C352 | ||
| 100 | 1 | |a Castillo Cruz, Katherine Vanessa | |
| 100 | 1 | |b Cerda Moreno, Aura Yaritza | |
| 100 | 1 | |c Vargas García, Alex Jonathan | |
| 245 | 1 | 0 | |a Propuesta de un manual de Higiene y Seguridad Industrial en la empresa Tabacco Home y Cigars S.A en la ciudad de Estelí |
| 260 | |a Managua |b UNI/RUACS |c 2017 | ||
| 300 | |a 344 p. :il. | ||
| 500 | |a Contiene anexos y CD | ||
| 502 | |a Tesis (Ingeniero Industrial)- UNI, 2017. | ||
| 520 | 3 | |a Presenta el diseño de una propuesta de un manual de Higiene y Seguridad Industrial en la empresa Tabacco Home y Cigars S,A en la ciudad de Estelí en el cual se realizó estudio de la situación actual en cuanto a Higiene y Seguridad industrial mediante inspecciones. | |
| 650 | 7 | |a RIESGOS LABORALES | |
| 650 | 7 | |b ANALISIS DE RIESGOS | |
| 650 | 7 | |c HIGIENE Y SEGURIDAD | |
| 700 | 1 | |a Tutor: |b Valdivia García, Claudia Tatiana | |
| 942 | |c BK |2 ddc | ||
| 991 | |a TESIS | ||
| 999 | |c 17095 | ||